00457nam a2200181Ia 4500003000400000005001700004008004100021020001400062040000700076041000800083082001600091100002300107245006500130250000600195260004400201300001700245365001300262OSt20230317112255.0210423s2008 xx 000 0 und d a195696522 cAL aeng a541.39 JORR aJORDAN (Robert B). aReaction mechanisms of inorganic and organometallic systems. a3 aNew YorkbOxford University Pressc2008 aviii,521bPB b895cINR